| 000 | 01722nam a22002897a 4500 | ||
|---|---|---|---|
| 999 |
_c21806 _d21806 |
||
| 003 | AR-CdUCM | ||
| 008 | 190425b ||||| |||| 00| 0 spa d | ||
| 040 |
_aMUNICIPALIDAD PROVINCIAL DEL CUSCO _cBIBLIOTECA MUNICIPAL DEL CUSCO |
||
| 082 | _aRev.Allp/N°5/1973 | ||
| 110 |
_aInstituto de Pastoral Andina _912766 |
||
| 245 |
_aAllpanchis Phuturinqa : _bRevista Anual / |
||
| 260 |
_aCusco : _bUniverso, _c1973. |
||
| 300 |
_a216 páginas. : _bilustraciones ; _c20 cm. |
||
| 440 |
_aRevista del Instituto de Pastoral Andina Cusco _nAño [ ], [ ] semestre de 1973, N°5. Vol. V _946182 |
||
| 500 | _aCiclo vital en la familia andina | ||
| 505 | _aContenido: Organización social andina. -- El uso de término étnicos. Pierre Van den Berghe. -- El trato social entre los Aymaras. Domingo Llanque. -- El Jilakata. I.N.D.I.C.E.P. -- La viuda y el hijo del Soq'a Machu. Jorge Flores O. -- La población de San Jerónimo. Pierre Van den Berghe. -- Abigeato. Benjamín Sebastián Orlove C. -- Explicando la exogamia andina. Ralph Bolton. -- Reciprocidad y la economía del mercado. Antoinette Fioravanti. -- Reforma agraria y sistema de cargos. David Gow. -- Reflexión teológico pastoral. -- Interpretaciones populares de espíritu santo. Betsy Wisley. -- El compadrazgo. Rodrigo Sánchez Arjona. -- Orientaciones para una Pastoral Popular. | ||
| 650 |
_aCultura andina _946160 |
||
| 650 |
_aAntropología cusqueña _945862 |
||
| 650 |
_aReligiosidad andina _944127 |
||
| 650 |
_aConstumbres y tradiciones _946161 |
||
| 650 |
_aRitos andinos _96634 |
||
| 700 |
_aLlanque Chana, Domingo _946163 |
||
| 700 |
_aVan den Berghe, Pierre _946183 |
||
| 700 |
_aFlores Ochoa, Jorge _92915 |
||
| 942 |
_2ddc _cPP |
||
| 945 | _arac | ||